000 00836nam a22002417a 4500
999 _c175041
_d175041
005 20200805132845.0
010 _aENG-128308
020 _c175.00
_a97893528376475
035 _aEN-111840
037 _bDBAD/PUB
082 _a657
100 _aGupta,S C
245 _aCorporate Accounting Semester III 3.3/
_cby M C Shukla, T S Grewal [and] S C Gupta ;edited by M P Gupta,B M Agarwal
_bas per B.COm. Curriculum, Bangalore University
260 _aNew Delhi
_bS.Chand
_c2019
270 _aHead Office:7361,Ram Nagar,Qutab Rord
_bNew Delhi
_e110055
_k23672080
_l91-11-23677446
_minfo@schandpublishing.com
300 _avarious pages.
_c24cm(pbk)
700 _a Shukla, M C
700 _a Grewal ,T S
700 _a Gupta,S C
700 _aGupta,M P
700 _a Agarwal,B M
942 _2ddc
_cEN
_h657
_mGUP